西安市知识测验 地理文化部分 Xi‘an city quiz #2 - Statistics

General Stats
  • This quiz has been taken 42 times
  • The average score is 12 of 18
Answer Stats
问题 答案 % Correct
在西安北郊汇合的两条“分明”的河流 泾河
100%
在西安北郊汇合的两条“分明”的河流 渭河
100%
秦始皇陵南面所靠的山 {骊}山
85%
市中心的清真美食街区 回民街
85%
藏有国宝级文物18件组,其中2件为首批禁止出国境展览文物的博物馆 {陕西历史}博物馆
82%
讲述清末至改革开放时代,一个关中村落故事的长篇小说,获得茅盾文学奖 《{白鹿原}》
82%
辖区包含明城墙范围内区域的市辖区 碑林区
74%
上述小说的作者 陈忠实
72%
西安东郊从蓝田县向北流的两条主要河流 灞河
67%
原名“‌盩厔”的辖县 周至县
64%
西安东郊从蓝田县向北流的两条主要河流 浐河
62%
辖区包含明城墙范围内区域的市辖区 莲湖区
62%
外号“灯具城”的仿古步行街 大唐不夜城
62%
辖区包含明城墙范围内区域的市辖区 新城区
59%
西安郊区著名的秦岭山峰 终南山
56%
旧有线改造为客运市郊铁路的铁路 西户铁路
44%
多年生活在长安县皇甫村,创作记录关中农村在新中国时代变迁的长篇小说《创业史》的作家 柳青
28%
临潼区境内的铁路大型路网性货运编组站 新丰镇站
18%
No matching quizzes found
Score Distribution
Percent of People with Each Score
Percentile by Number Answered
Your Score History
You have not taken this quiz